000 00335nam a2200157Ia 4500
100 _aMiller/William A
650 _aPhilosophy
942 _cBK
366 _f25
654 _ajoy
245 _aJoy of feeling Good
260 _bBetter Yourself Books
_aBandra
_c1986
082 _a170/MIL
_bMIL
300 _a190
546 _aENGLISH
999 _c20525
_d20525